ბათუმის შოთა რუსთაველის სახელმწიფო უნივერსიტეტის ბიბლიოთეკა

The black Swan (ბიბ.ჩანაწერი № 51480)

000 -LEADER
fixed length control field 00608nam a2200253Ia 4500
001 - CONTROL NUMBER
control field 18466
003 - CONTROL NUMBER IDENTIFIER
control field GE_BSU
008 - FIXED-LENGTH DATA ELEMENTS--GENERAL INFORMATION
fixed length control field 181216s||||||||xx |||||||||||||| ||und||
020 ## - INTERNATIONAL STANDARD BOOK NUMBER
International Standard Book Number 9780812973815
040 ## - CATALOGING SOURCE
Transcribing agency GE_BSU
080 ## - UNIVERSAL DECIMAL CLASSIFICATION NUMBER
Universal Decimal Classification number 316
100 ## - MAIN ENTRY--PERSONAL NAME
Personal name Taleb. N.N.
245 #4 - TITLE STATEMENT
Title The black Swan
245 #4 - TITLE STATEMENT
Remainder of title The impact of Highly imrobable
250 ## - EDITION STATEMENT
Edition statement Second edition
260 ## - PUBLICATION, DISTRIBUTION, ETC.
Place of publication, distribution, etc. New York
260 ## - PUBLICATION, DISTRIBUTION, ETC.
Name of publisher, distributor, etc. Random House trade
260 ## - PUBLICATION, DISTRIBUTION, ETC.
Date of publication, distribution, etc. 2010
300 ## - PHYSICAL DESCRIPTION
Extent 435p. 21cm.
653 ## - INDEX TERM--UNCONTROLLED
Uncontrolled term The black Swan
653 ## - INDEX TERM--UNCONTROLLED
Uncontrolled term The impact of Highly imrobable
653 ## - INDEX TERM--UNCONTROLLED
Uncontrolled term სოციოლოგია
942 ## - ADDED ENTRY ELEMENTS (KOHA)
Koha item type წიგნი
ეგზემპლარები
Withdrawn status Lost status Damaged status Not for loan Date acquired Barcode Date last seen Price effective from Koha item type
        2018-12-17 47314 2018-12-17 2018-12-17 წიგნი